| 000 | 00451nam a2200193Ia 4500 | ||
|---|---|---|---|
| 005 | 20240823021139.0 | ||
| 008 | 240823s9999||||xx |||||||||||||| ||und|| | ||
| 020 | _a81-88458-51-1 | ||
| 041 | _aENGLISH | ||
| 082 | _A551 P7 | ||
| 100 | _aParbin Singh | ||
| 245 | 0 | _aEngineering and General Geology | |
| 250 | _a7th | ||
| 260 |
_c2007 _b"S K kataria,New " _aDelhi |
||
| 500 | _aYES | ||
| 650 |
_aGeology _bCivil |
||
| 942 | _cBK | ||
| 999 |
_c176395 _d176395 |
||